000
00315nam a22001337a 4500
008
170921b xxu||||| |||| 00| 0 eng d
020
_a
9780534555344
041
_a
eng
080
_2
2ND
_a
78
100
_a
45
101
_a
MUZ
245
_a
THE BEAT GOES ON POPULAR MUSIC IN AMERICA
_c
CAMPBELL,M
942
_2
udc
_c
BK
999
_c
28683
_d
28683